Giải tích ; T1 Giáo trình đại học đại cương
Sparad:
| Huvudupphovsman: | |
|---|---|
| Materialtyp: | Bok |
| Språk: | Undetermined |
| Publicerad: |
Hà Nội
Giáo Dục
1998
|
| Ämnen: | |
| Taggar: |
Lägg till en tagg
Inga taggar, Lägg till första taggen!
|
| Thư viện lưu trữ: | Trung tâm Học liệu Trường Đại học Cần Thơ |
|---|
| LEADER | 00598nam a2200205Ia 4500 | ||
|---|---|---|---|
| 001 | CTU_41519 | ||
| 008 | 210402s9999 xx 000 0 und d | ||
| 082 | |a 515.7 | ||
| 082 | |b L304/T1 | ||
| 100 | |a Nguyễn Xuân Liêm | ||
| 245 | 0 | |a Giải tích ; T1 | |
| 245 | 0 | |b Giáo trình đại học đại cương | |
| 245 | 0 | |c Nguyễn Xuân Liêm | |
| 260 | |a Hà Nội | ||
| 260 | |b Giáo Dục | ||
| 260 | |c 1998 | ||
| 526 | |a Giải tích hàm một biến | ||
| 526 | |b SP111 | ||
| 650 | |a functional analysis | ||
| 980 | |a Trung tâm Học liệu Trường Đại học Cần Thơ | ||